| Поле | Инд. | ПП | Название | Значение |
|---|---|---|---|---|
| Тип записи | a | |||
| Библиографический уровень | a | |||
| 001 | Контрольный номер | cd0b23849123453ebfa9474ac166ef61 | ||
| 005 | Дата корректировки | 20200928100145.0 | ||
| 040 | a | Служба первич. каталог. | НБ ТвГУ | |
| b | Код языка каталог. | rus | ||
| e | Правила каталог. | PSBO | ||
| 041 | 0_ | a | Код языка текста | rus |
| 097 | b | Оператор | Starichkova.DV | |
| 098 | b | Факультет | Институт педагогического образования и социальных технологий | |
| c | Кафедра | Педагогики и психологии начального образования | ||
| 100 | 1_ | a | Автор | Кулагина Анна Александровна |
| q | Полное имя | Кулагина А. А. | ||
| 245 | 10 | a | Заглавие | Российское кино как средство формирования системы ценностей у младших школьников |
| 260 | a | Место издания | Тверь | |
| b | Издательство | Тверской государственный университет | ||
| 504 | a | Библиография | Библиогр.: с. 74 (3 назв.) | |
| 520 | 0_ | a | Аннотация | Анализируются аспекты влияния и воздействия кинематографа как фактора формирования системы духовных, материальных и социальных ценностей у детей младшего школьного возраста. Рассматривается необходимость постоянного анализа содержания мультфильмов и кинофильмов, которые смотрят дети самостоятельно или со взрослыми. |
| 653 | 0_ | a | Ключевые слова | Формирование системы ценностей |
| a | Ключевые слова | Воспитание средствами кино | ||
| a | Ключевые слова | Воспитание средствами телевидения | ||
| a | Ключевые слова | Труды Тверского государственного университета | ||
| 773 | 18 | w | Контрольный № источника | 16c35705eaa44cf79369e991551d84b9 |
| t | Название источника | Традиции и новации в профессиональной подготовке и деятельности педагога | ||
| d | Место и дата издания | Тверь : Тверской государственный университет, 2018 | ||
| g | Прочая информация | Вып. 16. - С. 70-74. | ||
| 901 | t | Тип документа | a | |
| 920 | a | Оператор | Стар | |
| 954 | b | Дата поступления в ОК | 20200928 |